1100 meisjesnamen die 10x of vaker gegeven zijn in 2024 - Statistieken

Algemene statistieken
  • Deze quiz is 49 keer genomen
  • De gemiddelde score is 203 van 1100
Antwoordstatistieken
Ranking Naam % Correct
154 Anne
86%
1 Emma
86%
25 Anna
82%
515
71%
5 Sophie
71%
19 Eva
68%
821 Lin
68%
69 Maria
64%
99 Marie
64%
515 Amal
61%
53 Bo
61%
868 Elis
61%
591 Ellis
61%
682 Fie
61%
33 Noa
61%
32 Sofie
61%
992 Anne-Sophie
57%
90 Elisa
57%
107 Elise
57%
992 Elissa
57%
467 Elize
57%
591 Fee
57%
4 Julia
57%
142 Laura
57%
821 Lis
57%
30 Lynn
57%
6 Mila
57%
3 Nora
57%
2 Olivia
57%
992 Olívia
57%
56 Roos
57%
54 Rosa
57%
231 Beau
54%
515 Do
54%
18 Evi
54%
374 Flo
54%
20 Mia
54%
17 Saar
54%
9 Sara
54%
24 Sofia
54%
515 Sofía
54%
31 Sophia
54%
569 Zoe
54%
10 Zoë
54%
569 Zoé
54%
265 Amalia
50%
197 Bella
50%
12 Elin
50%
27 Ella
50%
48 Isa
50%
104 Isabel
50%
34 Julie
50%
136 Lisa
50%
84 Lou
50%
7 Noor
50%
11 Tess
50%
124 Tessa
50%
913 Alexia
46%
548 Britt
46%
133 Fem
46%
170 Femke
46%
36 Fleur
46%
95 Floor
46%
216 Janne
46%
992 Lies
46%
71 Lot
46%
258 Lott
46%
82 Naomi
46%
85 Amber
43%
714 Aria
43%
89 Charlotte
43%
130 Eline
43%
682 Eliz
43%
405 Eliza
43%
479 Elle
43%
992 Emmie
43%
405 Emmy
43%
97 Hanna
43%
515 Jess
43%
127 Kate
43%
39 Lieke
43%
197 Lise
43%
113 Lize
43%
21 Lotte
43%
591 Maan
43%
16 Nina
43%
181 Sam
43%
44 Sarah
43%
308 Ada
39%
747 Angel
39%
452 Annabel
39%
356 Chloe
39%
81 Chloé
39%
99 Chloë
39%
197 Elisabeth
39%
323 Ellie
39%
80 Esmee
39%
356 Esmée
39%
46 Fien
39%
186 Iris
39%
207 Janna
39%
785 Kim
39%
785 Kris
39%
51 Lara
39%
323 Lia
39%
440 Lien
39%
125 Louise
39%
13 Luna
39%
785 Maren
39%
515 Marin
39%
130 Merel
39%
747 Noah
39%
213 Robin
39%
77 Vera
39%
356 Zahra
39%
226 Zara
39%
323 Alice
36%
452 Alicia
36%
467 Amé
36%
93 Amy
36%
467 Ana
36%
300 Belle
36%
136 Bente
36%
313 Elina
36%
367 Emilie
36%
26 Emily
36%
147 Evie
36%
186 Evy
36%
204 Fatima
36%
42 Fenna
36%
41 Hannah
36%
252 Hanne
36%
48 Isabella
36%
178 Isabelle
36%
71 Jade
36%
430 Karlijn
36%
252 Lieve
36%
118 Lilly
36%
35 Lily
36%
390 Linn
36%
22 Liv
36%
99 Liz
36%
86 Lola
36%
244 Madelief
36%
77 Mara
36%
23 Maud
36%
992 Meau
36%
58 Puck
36%
440 Puk
36%
868 Vie
36%
8 Yara
36%
163 Alina
32%
390 Anouk
32%
346 Ariana
32%
992 Arianna
32%
127 Ava
32%
231 Cleo
32%
313 Dani
32%
242 Daphne
32%
159 Demi
32%
279 Diana
32%
239 Elizabeth
32%
356 Evelyn
32%
617 Jasmin
32%
381 Jasmine
32%
265 Jessie
32%
992 Jessy
32%
533 Joan
32%
70 Juna
32%
405 Laure
32%
29 Lina
32%
346 Lotta
32%
639 Maaike
32%
116 Mare
32%
714 May
32%
51 Maya
32%
339 Nikki
32%
74 Norah
32%
110 Rosalie
32%
300 Rose
32%
190 Sanne
32%
262 Silke
32%
132 Suus
32%
992 Aimee
29%
183 Aimée
29%
500 Alexandra
29%
747 Aline
29%
258 Amara
29%
210 Celine
29%
308 Céline
29%
390 Daisy
29%
913 Dominique
29%
262 Eef
29%
339 Evelien
29%
127 Fay
29%
367 Ise
29%
617 Jada
29%
430 Jana
29%
213 Jane
29%
47 Jasmijn
29%
244 Joy
29%
548 Kato
29%
367 Kiara
29%
122 Kiki
29%
239 Lana
29%
28 Lauren
29%
102 Linde
29%
533 Linne
29%
569 Loé
29%
74 Mae
29%
14 Milou
29%
87 Mira
29%
285 Nienke
29%
913 Nikkie
29%
44 Noé
29%
591 Noë
29%
220 Noortje
29%
191 Senna
29%
170 Stella
29%
285 Tara
29%
265 Valerie
29%
178 Victoria
29%
913 Viv
29%
500 Yenthe
29%
194 Zoey
29%
334 Amelie
25%
123 Amélie
25%
992 Andrea
25%
992 Annabelle
25%
98 Benthe
25%
197 Bibi
25%
262 Billie
25%
500 Carlijn
25%
747 Carmen
25%
87 Charlie
25%
548 Chiara
25%
231 Claire
25%
682 Clara
25%
210 Coco
25%
339 Dana
25%
548 Eefje
25%
79 Emilia
25%
399 Farah
25%
133 Fiene
25%
272 Flora
25%
148 Flore
25%
183 Guusje
25%
339 Ida
25%
346 Ilse
25%
913 Ivy-Mae
25%
163 Jackie
25%
415 Jacky
25%
313 Jara
25%
617 Jennifer
25%
279 Jente
25%
569 Joanna
25%
992 Juliet
25%
639 Juliët
25%
272 Juliette
25%
220 Juliëtte
25%
60 June
25%
61 Juul
25%
913 Katie
25%
148 Lea
25%
639 Léa
25%
682 Lila
25%
868 Lili
25%
663 Lisanne
25%
40 Livia
25%
272 Lois
25%
37 Loïs
25%
415 Lore
25%
785 Loren
25%
292 Lorèn
25%
682 Lorin
25%
250 Lucie
25%
126 Lucy
25%
399 Malou
25%
992 Manon
25%
913 Marieke
25%
533 Marlie
25%
191 Marly
25%
714 Mea
25%
821 Mieke
25%
821 Mille
25%
868 Minke
25%
913 Nel
25%
120 Noëlle
25%
95 Nola
25%
43 Nova
25%
163 Pip
25%
569 Rachel
25%
57 Rosie
25%
591 Rox
25%
747 Sem
25%
73 Veerle
25%
569 Yarah
25%
265 Abigail
21%
682 Alana
21%
714 Alissa
21%
452 Alyssa
21%
175 Amelia
21%
992 Ashley
21%
265 Aurora
21%
194 Bobbi
21%
296 Bobbie
21%
617 Bobby
21%
65 Cato
21%
440 Daantje
21%
868 Danique
21%
591 Dewi
21%
207 Doris
21%
296 Ela
21%
54 Elena
21%
639 Elien
21%
186 Faye
21%
82 Feline
21%
152 Féline
21%
163 Freya
21%
313 Gaia
21%
367 Gwen
21%
229 Helena
21%
992 Indie
21%
163 Indy
21%
334 Ines
21%
992 Inès
21%
533 Isabeau
21%
64 Ivy
21%
136 Jip
21%
452 Joëlle
21%
91 Jolie
21%
216 Jolien
21%
913 Jonna
21%
430 Josefien
21%
136 Josephine
21%
747 Judith
21%
244 Jule
21%
346 Kae
21%
356 Kaya
21%
308 Kira
21%
194 Layla
21%
63 Lena
21%
992 Lenna
21%
159 Leyla
21%
67 Liva
21%
415 Lizz
21%
591 Lizzie
21%
76 Lizzy
21%
231 Loes
21%
67 Loua
21%
617 Louisa
21%
821 Luca
21%
356 Lydia
21%
14 Maeve
21%
313 Maxime
21%
992 Mees
21%
785 Michelle
21%
992 Mika
21%
272 Mina
21%
992 Mona
21%
323 Myrthe
21%
639 Nia
21%
515 Phoebe
21%
229 Pippa
21%
157 Romee
21%
48 Romée
21%
118 Romy
21%
569 Roza
21%
346 Sammie
21%
913 Sammy
21%
821 Sanna
21%
569 Selin
21%
639 Sien
21%
415 Sienna
21%
479 Siënna
21%
159 Soof
21%
213 Sterre
21%
591 Tirza
21%
231 Yasmin
21%
334 Yinthe
21%
785 Zarah
21%
569 Zora
21%
244 Aaliyah
18%
170 Abby
18%
356 Aisha
18%
992 Alix
18%
313 Amani
18%
169 Amaya
18%
913 Ameya
18%
197 Amina
18%
105 Amira
18%
61 Ayla
18%
868 Bianca
18%
663 Chelsey
18%
479 Christina
18%
913 Dané
18%
144 Donna
18%
226 Eliana
18%
992 Elke
18%
639 Emmelie
18%
992 Emmely
18%
313 Esther
18%
356 Fae
18%
821 Faya
18%
148 Fenne
18%
515 Floortje
18%
913 Gia
18%
415 Gigi
18%
663 Gina
18%
515 Grace
18%
38 Hailey
18%
992 Hailie
18%
479 Hana
18%
430 Imke
18%
821 Indi
18%
175 Isra
18%
747 Iza
18%
415 Ize
18%
569 Jamie
18%
479 Jenna
18%
479 Jenthe
18%
109 Jet
18%
157 Jill
18%
178 Jinthe
18%
548 Jolene
18%
381 Josie
18%
440 Kaat
18%
548 Klara
18%
405 Kyra
18%
992 Lauri
18%
339 Laurie
18%
452 Leia
18%
591 Lente
18%
821 Leonie
18%
569 Liana
18%
868 Lianne
18%
515 Lilia
18%
639 Lilian
18%
913 Lindy
18%
569 Liza
18%
440 Lucia
18%
415 Maartje
18%
682 Manou
18%
821 Marijn
18%
231 Marit
18%
821 Marrit
18%
992 Marthe
18%
992 Maureen
18%
548 Meike
18%
250 Merle
18%
467 Mirte
18%
170 Mirthe
18%
467 Nena
18%
617 Nicole
18%
168 Nine
18%
112 Nore
18%
617 Nori
18%
140 Pleun
18%
682 Quinty
18%
120 Ruby
18%
591 Sama
18%
714 Sasha
18%
415 Selena
18%
682 Sia
18%
913 Summer
18%
93 Suze
18%
381 Talia
18%
533 Vanessa
18%
500 Veda
18%
591 Véda
18%
913 Violet
18%
405 Vive
18%
591 Vivé
18%
591 Vivian
18%
197 Wies
18%
714 Willemijn
18%
323 Yade
18%
548 Yaël
18%
714 Yana
18%
533 Yasmina
18%
300 Yasmine
18%
682 Yentl
18%
440 Yfke
18%
65 Yuna
18%
913 Aarya
14%
285 Abbey
14%
913 Aicha
14%
663 Aïcha
14%
515 Alaïa
14%
617 Alaya
14%
913 Aleya
14%
785 Aleyna
14%
479 Alisa
14%
430 Aliya
14%
323 Aliyah
14%
714 Amaanah
14%
204 Amanah
14%
500 Anaya
14%
913 Anika
14%
992 Antonia
14%
285 Arya
14%
279 Asel
14%
300 Asiya
14%
430 Assiya
14%
515 Aurelia
14%
591 Avélie
14%
92 Aya
14%
381 Ayah
14%
242 Aylin
14%
272 Azra
14%
992 Bowi
14%
183 Bowie
14%
821 Camilla
14%
785 Camille
14%
306 Cataleya
14%
467 Catharina
14%
569 Celina
14%
548 Ceylin
14%
258 Cornelia
14%
785 Dalia
14%
868 Delilah
14%
913 Destiny
14%
216 Diede
14%
216 Dua
14%
381 Eloise
14%
500 Eloïse
14%
415 Esra
14%
785 Eveline
14%
785 Fabiënne
14%
292 Febe
14%
252 Filou
14%
868 Fiona
14%
992 Florence
14%
440 Florien
14%
145 Florine
14%
452 Frida
14%
992 Gianna
14%
479 Harper
14%
992 Inge
14%
913 Israe
14%
913 Ive
14%
992 Jasmina
14%
785 Jayda
14%
533 Jaydi
14%
390 Jazz
14%
133 Johanna
14%
992 Jolein
14%
381 Jolijn
14%
479 Joya
14%
113 Jula
14%
479 Juno
14%
992 Jutta
14%
356 Kaia
14%
440 Kayla
14%
548 Kaylee
14%
913 Kayleigh
14%
682 Kyara
14%
785 Lenne
14%
868 Leona
14%
296 Lexi
14%
415 Liliana
14%
533 Lima
14%
785 Lora
14%
430 Lorena
14%
220 Lovi
14%
110 Lune
14%
415 Luus
14%
399 Macey
14%
313 Macy
14%
714 Maddy
14%
415 Maia
14%
440 Mariam
14%
913 Marilou
14%
186 Marley
14%
663 Mathilde
14%
220 Mayra
14%
992 Melin
14%
300 Mette
14%
323 Meyra
14%
479 Mies
14%
452 Mikky
14%
285 Milena
14%
306 Miley
14%
102 Millie
14%
367 Milly
14%
415 Mirre
14%
479 Nadia
14%
479 Nadine
14%
569 Nala
14%
452 Nika
14%
374 Nila
14%
272 Nisa
14%
292 Noëlla
14%
300 Noémi
14%
381 Nomi
14%
252 Nowi
14%
714 Odette
14%
140 Philou
14%
639 Pia
14%
142 Pien
14%
500 Quinn
14%
479 Raya
14%
714 Rebecca
14%
639 Renske
14%
868 Reya
14%
239 Rhodé
14%
170 Riley
14%
913 Rita
14%
682 Romi
14%
339 Roxy
14%
682 Ruth
14%
639 Sela
14%
467 Selah
14%
334 Selina
14%
515 Serra
14%
390 Skye
14%
714 Soraya
14%
399 Teddie
14%
258 Teddy
14%
992 Tesse
14%
992 Teuntje
14%
548 Thirza
14%
224 Vajèn
14%
323 Valentina
14%
682 Valeria
14%
515 Vayen
14%
279 Vayèn
14%
272 Vesper
14%
913 Viènn
14%
868 Vienna
14%
405 Viënna
14%
152 Vieve
14%
785 Wieke
14%
374 Zaya
14%
224 Zeynep
14%
346 Ziva
14%
569 Zofia
14%
992 Zonne
14%
617 Zuzanna
14%
617 Aaltje
11%
747 Aden
11%
308 Adriana
11%
479 Aivy
11%
591 Alara
11%
313 Alba
11%
821 Alia
11%
913 Alisha
11%
440 Alma
11%
430 Alya
11%
682 Amine
11%
913 Anaïs
11%
479 Anastasia
11%
785 Angelina
11%
747 Anissa
11%
992 Annemijn
11%
992 Assia
11%
285 Asya
11%
821 Audrey
11%
992 Aukje
11%
747 Avery
11%
308 Ayana
11%
868 Ayşe
11%
747 Bodi
11%
785 Bodine
11%
617 Bonnie
11%
452 Camila
11%
639 Celeste
11%
868 Chelsea
11%
785 Danae
11%
992 Deborah
11%
374 Defne
11%
279 Dina
11%
500 Eden
11%
548 Eleonora
11%
154 Elodie
11%
617 Elvira
11%
913 Emelie
11%
821 Estée
11%
821 Estelle
11%
992 Faith
11%
500 Fallon
11%
992 Fatma
11%
467 Felien
11%
747 Femm
11%
591 Fieke
11%
323 Fiep
11%
252 Hafsa
11%
533 Hayley
11%
821 Hazal
11%
500 Hazel
11%
197 Hidaya
11%
785 Hilde
11%
405 Holly
11%
682 Iva
11%
265 Izzy
11%
467 Jailey
11%
548 Jaimy
11%
548 Jannah
11%
785 Jaylin
11%
591 Jaylinn
11%
533 Jazzlyn
11%
374 Jennah
11%
452 Jette
11%
148 Jinte
11%
747 Joanne
11%
639 Josje
11%
868 Kees
11%
714 Keesje
11%
405 Keet
11%
591 Kenza
11%
356 Khadija
11%
992 Kylie
11%
821 Layaan
11%
226 Layan
11%
116 Leah
11%
821 Leila
11%
374 Lexie
11%
346 Leya
11%
415 Liene
11%
992 Lilya
11%
663 Liselot
11%
992 Livvy
11%
204 Liya
11%
105 Loa
11%
682 Lotus
11%
339 Loué
11%
346 Louèn
11%
415 Lova
11%
279 Lua
11%
533 Luana
11%
452 Lumi
11%
682 Madeleine
11%
569 Maisie
11%
244 Maja
11%
992 Marije
11%
399 Mayla
11%
663 Megan
11%
992 Melanie
11%
381 Melina
11%
177 Meryem
11%
440 Mijs
11%
265 Milana
11%
663 Mint
11%
399 Minte
11%
548 Minthe
11%
346 Myla
11%
868 Mylène
11%
452 Naya
11%
533 Neeltje
11%
430 Nela
11%
639 Néla
11%
346 Neva
11%
156 Niene
11%
390 Ninthe
11%
323 Noï
11%
252 Nour
11%
569 Noura
11%
182 Nourayn
11%
231 Nové
11%
405 Novée
11%
107 Novi
11%
868 Novy
11%
452 Nyla
11%
682 Nynke
11%
913 Olive
11%
467 Oumayra
11%
617 Penelope
11%
569 Phileine
11%
913 Philine
11%
500 Pola
11%
913 Pom
11%
868 Pomme
11%
747 Rae
11%
785 River
11%
714 Ronja
11%
913 Rozemarijn
11%
682 Sadie
11%
430 Safa
11%
390 Safae
11%
296 Safiya
11%
452 Salomé
11%
785 Sana
11%
334 Sare
11%
244 Scottie
11%
821 Selma
11%
323 Sena
11%
569 Sera
11%
515 Sidra
11%
533 Sifra
11%
913 Skylar
11%
714 Skyler
11%
785 Stevie
11%
913 Sue
11%
992 Tatum
11%
821 Veere
11%
639 Vivienne
11%
868 Yuki
11%
467 Yusra
11%
913 Yüsra
11%
533 Zainab
11%
479 Zehra
11%
821 Zena
11%
682 Zola
11%
913 Adelina
7%
821 Aelin
7%
913 Afnan
7%
913 Afra
7%
868 Ahsen
7%
913 Aida
7%
992 Aiyana
7%
868 Alessia
7%
913 Alicja
7%
913 Alora
7%
868 Amarins
7%
714 Amayah
7%
913 Amora
7%
747 Asiyah
7%
747 Assiyah
7%
747 Ayda
7%
617 Ayliz
7%
714 Ayra
7%
868 Babet
7%
913 Bayan
7%
821 Beyza
7%
992 Bitanya
7%
821 Bregje
7%
992 Catalina
7%
913 Cecilia
7%
617 Celia
7%
992 Dahab
7%
639 Davina
7%
913 Dieke
7%
821 Dounia
7%
548 Eflin
7%
868 Elara
7%
292 Eleanor
7%
992 Eleanora
7%
159 Elif
7%
533 Elora
7%
548 Elynn
7%
591 Esila
7%
663 Eslem
7%
663 Esma
7%
500 Fardau
7%
821 Fayen
7%
617 Fayèn
7%
992 Felice
7%
821 Freyja
7%
714 Gabriela
7%
821 Gabriella
7%
913 Gabriëlla
7%
868 Geertje
7%
992 Georgia
7%
207 Giulia
7%
992 Grietje
7%
992 Harley
7%
390 Hendrika
7%
591 Hiba
7%
913 Hidayah
7%
663 Hope
7%
821 Ilana
7%
569 Imani
7%
515 Inara
7%
59 Inaya
7%
992 Ira
7%
992 Isadora
7%
682 Israa
7%
868 Jaël
7%
785 Jamila
7%
821 Jaylee
7%
548 Jazzlynn
7%
515 Jazzy
7%
913 Jonne
7%
617 Juun
7%
479 Kaja
7%
663 Kes
7%
663 Kiana
7%
992 Kyana
7%
591 Laila
7%
747 Larien
7%
913 Leonore
7%
405 Lilou
7%
663 Liselotte
7%
747 Livv
7%
868 Livy
7%
146 Liyana
7%
617 Lori
7%
992 Louiza
7%
821 Lovie
7%
682 Lux
7%
591 Mabel
7%
374 Madée
7%
868 Madison
7%
682 Maeva
7%
467 Maevi
7%
992 Maevie
7%
548 Maevy
7%
913 Marina
7%
992 Marlijn
7%
785 Marlou
7%
682 Marta
7%
663 Martha
7%
500 Marwa
7%
115 Maryam
7%
212 Maysa
7%
367 Medina
7%
992 Melis
7%
479 Melissa
7%
381 Melody
7%
367 Meva
7%
714 Meysa
7%
868 Michaela
7%
356 Mihra
7%
285 Mikki
7%
390 Miray
7%
913 Mirjam
7%
479 Miya
7%
992 Mylana
7%
313 Naleya
7%
992 Naléya
7%
500 Nayeli
7%
231 Nayla
7%
992 Nele
7%
452 Neyla
7%
193 Niya
7%
548 Niyah
7%
548 Noorayn
7%
821 Noralie
7%
992 Noraly
7%
992 Nouk
7%
913 Nura
7%
639 Oliwia
7%
440 Philippa
7%
569 Rana
7%
500 Rivka
7%
617 Romaysa
7%
913 Rosalia
7%
913 Roya
7%
682 Rumi
7%
992 Sadé
7%
785 Safia
7%
913 Safiyah
7%
913 Safiyyah
7%
913 Sallie
7%
992 Scarlett
7%
515 Sila
7%
868 Simone
7%
479 Tala
7%
569 Tasnim
7%
992 Tessel
7%
913 Tove
7%
992 Tuana
7%
639 Umay
7%
663 Vere
7%
747 Vida
7%
714 Viënne
7%
992 Viktoria
7%
868 Vita
7%
992 Wateen
7%
639 Wilhelmina
7%
821 Willemina
7%
785 Willow
7%
682 Ylva
7%
639 Yousra
7%
682 Zayna
7%
663 Zaynab
7%
785 Zeyna
7%
785 Zeyneb
7%
714 Zoya
7%
747 Zümra
7%
785 Dila
4%
868 Dilara
4%
714 Diya
4%
785 Djenna
4%
747 Djennah
4%
714 Doğa
4%
992 Doha
4%
821 Doutzen
4%
747 Duha
4%
821 Dunya
4%
913 Ebba
4%
639 Ecrin
4%
714 Efnan
4%
992 Efrata
4%
714 Eileen
4%
992 Elea
4%
913 Eliyana
4%
868 Elyana
4%
617 Erva
4%
785 Evelina
4%
992 Fayenna
4%
747 Fayenne
4%
639 Faylinn
4%
821 Filipa
4%
868 Filippa
4%
714 Fiore
4%
821 Firdaous
4%
992 Frankie
4%
821 Freja
4%
868 Frenkie
4%
913 Georgie
4%
639 Gioia
4%
868 Hajar
4%
913 Hawa
4%
992 Haya
4%
913 Hayat
4%
992 Hendrikje
4%
663 Hira
4%
868 Iga
4%
747 Ikra
4%
617 Imane
4%
821 Imaya
4%
714 Imme
4%
639 Inayah
4%
913 Iqra
4%
868 Isha
4%
785 Isolde
4%
714 Jacoba
4%
747 Jaeda
4%
747 Jaelynn
4%
682 Jannat
4%
747 Jannetje
4%
992 Jannigje
4%
992 Jesslyn
4%
747 Jhené
4%
913 Jildou
4%
913 Jitske
4%
992 Juniper
4%
747 Kensi
4%
913 Larissa
4%
714 Laurien
4%
591 Lavin
4%
992 Lavinia
4%
913 Layane
4%
992 Lidya
4%
785 Liora
4%
747 Loujain
4%
821 Loulou
4%
992 Lyana
4%
821 Lyna
4%
591 Maelynn
4%
913 Maira
4%
821 Malak
4%
682 Malia
4%
992 Malika
4%
747 Malin
4%
992 Marith
4%
992 Maroua
4%
992 Martina
4%
663 Masa
4%
785 Masal
4%
714 Matilda
4%
868 Matilde
4%
992 Maura
4%
992 Maylin
4%
714 Maysae
4%
913 Meera
4%
992 Meis
4%
868 Melisa
4%
714 Mikayla
4%
992 Miral
4%
747 Mosie
4%
992 Mya
4%
591 Myra
4%
821 Nada
4%
913 Naila
4%
913 Naira
4%
992 Nalani
4%
913 Naleyah
4%
747 Natalia
4%
913 Nehir
4%
868 Nilay
4%
747 Nisrine
4%
617 Nomée
4%
992 Noraine
4%
821 Nouraya
4%
868 Novalie
4%
821 Nowie
4%
992 Noya
4%
992 Nuria
4%
747 Nusaybah
4%
747 Nyne
4%
992 Pieternella
4%
992 Qamar
4%
868 Rahaf
4%
992 Razan
4%
992 Riva
4%
682 Rixt
4%
714 Rune
4%
591 Rüya
4%
868 Sage
4%
913 Shams
4%
992 Simay
4%
682 Siya
4%
913 Solomiia
4%
747 Suki
4%
785 Talin
4%
821 Tasneem
4%
913 Tesniem
4%
868 Tesnim
4%
Geen overeenkomende quizzen gevonden
Scoreverdeling
Procent van Mensen met Elke Score
Percentiel versus Aantal Correcte Antwoorden
Uw Scoregeschiedenis
U heeft deze quiz nog niet genomen